Starovek 1. Dějiny Blízkeho Východu a Řeckých počátků

Bibliographic Details
Main Author: Groh, Vladimír (Author)
Format: Book
Language:Undetermined
PhysicalDescription:310 s.
Published: Praha Melantrich 1935

MARC

LEADER 00000nam a2200000 a 4500
001 vtls001345231
003 SK-MaSNL
005 20260301160528.0
008 240318s1935 xx 0 und
035 |a SNK000298450 
040 |a SNK  |b slo  |c SNK  |e AACR2 
100 1 |a Groh, Vladimír  |4 aut  |9 288610 
245 1 0 |a Starovek 1. Dějiny Blízkeho Východu a Řeckých počátků 
260 |a Praha  |b Melantrich  |c 1935 
300 |a 310 s. 
999 |c 805877  |d 807807 
952 |t P60, <04>, [BOOK], {604}  |a SNK  |b SNK  |y VYP  |7 0  |p 17A0323388  |o snkIC 1851/3  |0 0  |1 0  |4 0  |d 1998-10-14  |l 0  |r 2005-01-02 00:00:00  |w 2026-02-24